000 00519 a2200169 4500
005 20250620134103.0
020 _a978-0-07-337995-1
082 _aLM 345.1 ADL
100 _aADLER, F.
245 _aCriminal Justice.
250 _a5th Ed.
260 _aBoston,
_bMac Graw Hill,
_c2009.
300 _axiv, 113p.: ill.; chart, graphs, map, picture, table
_bGlossary & Index
_c28cm
700 _aMUELLER, G. O. W. & LAUFER, W. S.
856 _yAccess Online Book
_fCriminal Justice
_dwww.mhhe.com/adler5e
942 _2ddc
_cBKS
999 _c328
_d328